000 01456cam a22003371i 4500
003 SA-RiAUC
005 20250710061442.0
008 250709s2001 su g b 001r0dara c
020 _a9960389286
040 _aSA-JeALM
_bara
_cSA-RiAUC
_erda
050 4 _b.F39 2001
072 7 _a022
082 0 4 _a216.4
090 _a216.4
_b ف و ز
100 1 _aفوزان السابق، فوزان بن سابق بن فوزان،
_d1275-1373 هجري
_eمؤلف.
245 1 2 _aالبيان والإشهار لكشف زيغ الملحد الحاج مختار /
_cتأليف فوزان السابق.
250 _aالطبعة الثالثة.
264 1 _aالرياض :
_aبيروت :
_bفوزان بن سابق بن فوزان السابق،
_bدار الغرب الإسلامي.
_c2001
300 _a447 صفحة ؛
_c24 سم
336 _aنص
_btxt
_2rdacontent
_3كتاب
337 _aبدون وسيط
_bn
_2rdamedia
338 _aمجلد
_bnc
_2rdacarrier
500 _aيشتمل على كشافات.
504 _aيشتمل على إرجاعات ببليوجرافية.
600 1 7 _aمختار المؤيد، مختار بن أحمد المؤيد العظمي،
_d1237-1340 هجري
_2aucnm
650 7 _aالشيعة
_vكتابات جدلية
_2aucsh
650 7 _aالإسلام
_xدفع مطاعن
_2aucsh
650 7 _aالإلحاد والملحدون
_2aucsh
942 _2ddc
_cBOOK
_n0
949 _aSA-JeALM
_d250709
_uosman123
_n1
999 _c9704
_d9704